00855nam a22002417a 4500008004100000020001500041050002300056100002300079245021400102260006100316300002400377440001400401500002000415650001600435700001800451700002500469700002200494700001800516700001800534700002000552700002300572700001800595161004b xxu||||| |||| 00| 0 eng d a0939765926 aQA 39.2 .C663 1997 aCoxford, Arthur F. aContemporary Mathematics in Context:ba unified approach/cArthur F. Coxford, James T. Fey, Christian R. Hirsch, Harold L. Schoen, Gail Burrill, Eric W. Hart, Ann E. Watkins, Mary Jo Messenger and Beth Ritsema aDedham, Massachusetts:bJanson Publications, Inc.,c1997 axv, 328p. :bill. ; n2pPart 1 aIncludes index. aMathematics aFey, James T. aHirsch, Christian R. aSchoen, Harold L. aBurrill, Gail aHart, Eric W. aWatkins, Ann E. aMessenger, Mary Jo aRitsema, Beth